000 00525nam a22001817a 4500
999 _c140142
_d140142
005 20181220161330.0
010 _aB-226101
020 _a9788177582567
020 _a8177582569
035 _aB-226101, B-226127
037 _bDpl/CL
082 _a510
100 _aKhattar,Dinesh
245 _aThe Pearson guide to mathematics for NDA entrance examination /
_cby Dinesh Khattar
260 _aNew Delhi
_bPearson Education
_c2006
300 _avarious pagings
_c27cm(pbk)
942 _2ddc
_cEN
_h510
_mKHA